[Event "BL 2017-18"]
[Site "Germany"]
[Date "2018.04.29"]
[Round "13"]
[White "Handke, Florian"]
[Black "Heimann, Andreas"]
[Result "1-0"]
[WhiteElo "2534"]
[BlackElo "2579"]
[Annotator "TA"]
[PlyCount "77"]
[EventDate "2018.05.24"]
[EventType "team-tourn"]
[EventCountry "GER"]
[SourceTitle "playchess.com"]
[Source "ChessBase"]
[SourceQuality "1"]
[WhiteTeam "Aachen"]
[BlackTeam "SF Deizisau"]

{[%evp 15,77,28,24,0,8,8,8,8,8,9,13,9,8,10,8,7,15,15,15,15,15,15,15,15,15,15,16,10,9,9,6,6,7,5,11,0,0,0,20,35,48,31,41,53,80,0,0,0,133,138,138,152,212,212,223,229,236,227,215,214,702,702,632,346]} 1. e4 e5 2. Nf3 Nc6 3. Bb5 Nf6 4. O-O Nxe4 5. Re1 Nd6 {[%cal Be4d6,Bd6e8,Be8c7][%mdl 32]} 6. Nxe5 Be7 7. Bf1 Nxe5 8. Rxe5 O-O 9. Nc3 {C67: Ruy Lopez: Berlin Defence: 4 0-0 Nxe4} Ne8 10. Nd5 Bd6 11. Re1 {The position is equal.} c6 12. Ne3 Be7 13. c4 Nc7 14. d4 d5 15. cxd5 Bb4 16. Bd2 Bxd2 17. Qxd2 {White wants to play dxc6.} Nxd5 18. Nxd5 Qxd5 {[#]} 19. Re5 $146 Qd6 20. Bc4 Bd7 21. Rae1 b5 22. Bb3 a5 {[%cal Ba7a5,Ba5a4][%mdl 32]} 23. a3 a4 24. Ba2 $36 {[%mdl 2048] White has good play.} Rae8 25. Qc3 g6 26. h4 h5 27. Qg3 Rd8 28. R1e4 Kg7 29. Rf4 Bg4 30. f3 (30. Bb1 $16) 30... Be6 $11 31. Bb1 {[%cal Ba2b1,Bb1e4,Be4d5][%mdl 32]} Rh8 (31... f5 $11 {keeps the balance.}) 32. Qg5 $1 $16 {[%cal Rg5f6]} Bd5 {[#]} 33. Ref5 $1 {[%cal Be5f5,Bf5f6,Bf6a6][%mdl 32] Black must now prevent Rf6.} Rh6 (33... Rde8 $16 {was called for.} 34. Rf6 Re1+ 35. Kh2 (35. Kf2 Qxf4 36. Rxf4 Rxb1 $14) 35... Qxf4+ 36. Qxf4 Rxb1) 34. Rf6 $18 Qc7 35. Be4 {And now Bxd5 would win.} Rd7 {[#]} 36. Bxd5 $1 cxd5 37. Ra6 Rh8 $2 {[#]} (37... Qb8 38. Rff6 Qe8) 38. Rxf7+ $1 {[%mdl 512]} Rxf7 39. Qxg6+ {Precision: White = 76%, Black = 59%.} 1-0

[Event "BL 2017-18"]
[Site "Germany"]
[Date "2018.04.29"]
[Round "13"]
[White "Meskovs, Nikita"]
[Black "Perske, Thore"]
[Result "1/2-1/2"]
[WhiteElo "2513"]
[BlackElo "2447"]
[Annotator "TA"]
[PlyCount "112"]
[EventDate "2018.05.24"]
[EventType "team-tourn"]
[EventCountry "GER"]
[SourceTitle "playchess.com"]
[Source "ChessBase"]
[SourceQuality "1"]
[WhiteTeam "Speyer"]
[BlackTeam "SV Hofheim"]

{[%evp 21,112,17,18,29,45,41,37,39,45,44,51,53,43,48,56,51,45,46,31,27,34,30,52,28,29,27,34,37,52,48,56,49,45,22,22,16,18,12,13,10,8,2,9,0,0,0,0,0,0,0,0,0,0,0,0,0,0,0,0,0,0,0,0,0,0,0,0,0,0,0,0,0,0,0,0,0,0,0,0,0,0,0,0,0,0,0,0,0,0,0,0,-3,0]} 1. d4 Nf6 2. Nf3 g6 3. g3 Bg7 4. Bg2 O-O 5. O-O d6 6. b3 c5 7. c4 e5 {E60: King's Indian: Unusual lines and Fianchetto Variation without Nc3} (7... Nc6 8. Bb2 cxd4 9. Nxd4 Bd7 10. Nc3 a6 11. Nc2 Rb8 12. Nd5 Ne8 13. Bxg7 Nxg7 14. Qd2 b5 15. cxb5 axb5 16. Rfc1 Ne6 17. b4 Re8 18. Ne1 Ne5 19. Nf3 Nc4 {½-½ (27) Kuzubov,Y (2699)-Amonatov,F (2636) Riadh 2017}) 8. dxe5 dxe5 9. Qxd8 Rxd8 10. Bb2 e4 11. Ng5 Bf5 {LiveBook: 3 Games} 12. g4 Bxg4 13. Nxe4 Nxe4 14. Bxg7 Kxg7 15. Bxe4 Rd7 $146 16. Nc3 Na6 17. Rfd1 {[#] aiming for Rxd7.} Rb8 18. Rxd7 (18. f3 {feels hotter.} Be6 19. Bd5 Bh3 20. Kf2 Nc7 21. Kg3) 18... Bxd7 19. Rd1 Be6 20. Nb5 Nb4 $1 21. Rd2 Kf6 22. f4 Ke7 23. Kf2 f5 24. Bf3 a6 25. Nc3 a5 26. h4 b6 27. a3 Na6 {The position is equal.} 28. Rd3 Nc7 29. Bc6 Ne8 30. Bxe8 Rxe8 $11 {[%mdl 4096] Endgame KRB-KRN} 31. Re3 Kf7 32. Na4 Rb8 33. Re5 Bd7 {Strongly threatening ...Bxa4.} 34. Nc3 Bc6 35. a4 (35. h5 {looks sharper.} Rd8 36. hxg6+ hxg6 37. Ke3 Rd4 38. a4) 35... Re8 36. Rxe8 Kxe8 {KB-KN} 37. Ke3 Ke7 38. Kd3 Kd6 39. Nd1 Be4+ 40. Kd2 Ke6 41. Ne3 Bc6 42. Nf1 Bg2 43. Ne3 Bc6 44. Kc3 Be4 45. Nd1 Bc6 46. Nf2 Bg2 47. Kd2 Ke7 48. Nd1 Bc6 49. Nc3 Kd6 50. Nd1 Ke6 51. Ne3 Be4 52. Nf1 Bg2 53. Ng3 Kf6 54. Kd3 Bb7 55. Ke3 Bc6 56. Kd3 Bb7 {Precision: White = 78%, Black = 64%.} 1/2-1/2

[Event "BL 2017-18"]
[Site "Germany"]
[Date "2018.04.29"]
[Round "13"]
[White "Schlosser, Philipp"]
[Black "Braun, Christian"]
[Result "1/2-1/2"]
[WhiteElo "2511"]
[BlackElo "2391"]
[Annotator "TA"]
[PlyCount "41"]
[EventDate "2018.05.24"]
[EventType "team-tourn"]
[EventCountry "GER"]
[SourceTitle "playchess.com"]
[Source "ChessBase"]
[SourceQuality "1"]
[WhiteTeam "SF Deizisau"]
[BlackTeam "Aachen"]

{[%evp 18,41,47,0,9,19,21,-14,0,0,0,-13,0,0,0,0,0,0,0,0,0,0,-6,-12,-14,-49]} 1. Nf3 Nf6 2. c4 g6 3. Nc3 Bg7 4. e4 d6 5. d4 O-O 6. h3 e5 7. d5 Nh5 8. g3 {E90: King's Indian: Classical: Early deviations and 6 h3} a5 (8... Na6 9. Be2 Nc5 10. b4 Nd7 11. Rb1 a5 12. a3 axb4 13. axb4 Qe7 14. Bg5 f6 15. Be3 f5 16. exf5 {½-½ (68) Akobian,V (2647)-Guseinov,G (2646) Riadh 2017}) 9. Be2 Na6 10. Be3 {LiveBook: 4 Games. White is slightly better.} f5 {The position is equal.} 11. exf5 gxf5 12. Nd2 f4 13. Bxh5 fxe3 14. fxe3 Qg5 15. Nde4 Qxe3+ 16. Qe2 Bh6 17. Qxe3 Bxe3 18. Ke2 $146 Bd4 19. Bg4 Bxc3 20. bxc3 b6 21. Raf1 1/2-1/2

[Event "BL 2017-18"]
[Site "Germany"]
[Date "2018.04.29"]
[Round "13"]
[White "Zaragatski, Ilja"]
[Black "Keymer, Vincent"]
[Result "0-1"]
[WhiteElo "2495"]
[BlackElo "2403"]
[Annotator "TA"]
[PlyCount "92"]
[EventDate "2018.05.24"]
[EventType "team-tourn"]
[EventCountry "GER"]
[SourceTitle "playchess.com"]
[Source "ChessBase"]
[SourceQuality "1"]
[WhiteTeam "Aachen"]
[BlackTeam "SF Deizisau"]

{[%evp 12,92,2,0,0,0,0,7,16,16,16,14,20,30,21,18,67,64,67,63,64,69,93,63,65,61,79,55,75,29,40,0,59,0,81,35,55,15,14,22,8,12,21,19,2,0,0,-53,-31,-64,-29,-89,-60,-64,-62,-71,-70,-82,-77,-111,-50,-72,-83,-208,-204,-234,-229,-261,-246,-256,-229,-385,-226,-627,-632,-2740,-2107,-29968,-29967,-2833,-2136,-5618,-5201]} 1. Nf3 d5 2. c4 d4 3. b4 Bg4 4. Qb3 Bxf3 5. Qxf3 c6 6. g3 {A09: Réti Opening: 1 Nf3 d5 2 c4} e5 7. Qb3 {LiveBook: 3 Games} Nf6 8. Bg2 {The position is equal.} Nbd7 9. O-O Be7 $146 ({Predecessor:} 9... a5 10. b5 Nc5 11. Qd1 Rc8 {1-0 (49) Svidler,P (2765)-Zhigalko,S (2641) Riadh 2017}) 10. d3 O-O 11. Nd2 a5 12. b5 Nc5 13. Qc2 cxb5 14. cxb5 Nd5 15. Nc4 $1 Nc3 16. Nxe5 Nxb5 17. a4 Nc3 18. Bb2 Rc8 19. e3 Bf6 20. Ng4 (20. exd4 $6 Ne6 $11) 20... Be7 21. Ne5 Bf6 $1 {[%cal Rf6e5]} 22. Ng4 ({Much weaker is} 22. exd4 $6 Ne6 $11) ({White should try} 22. Bh3 $14 Ne6 23. Nc4) 22... Bg5 (22... Be7 $11 {remains equal.}) 23. Bxc3 Ne6 24. f4 {Strongly threatening exd4.} ({Reject} 24. Bxb7 $6 Rxc3 25. Qb2 h5 $17) 24... Rxc3 25. Qe2 Bf6 26. e4 {[%cal Be3e4,Be4e5][%mdl 32]} Nc5 27. e5 Be7 28. f5 {And now f6 would win.} f6 ({Don't blunder} 28... Nxd3 $2 29. f6 $18) 29. Rab1 (29. Be4 $11) 29... b6 30. Nf2 fxe5 31. Qxe5 (31. f6 $11 {keeps the balance.} gxf6 32. Bh3) 31... Bf6 $36 {[%mdl 2048] Black has good play.} 32. Qe2 Kh8 33. Ne4 Nxa4 34. Qa2 Nc5 35. Nxc5 bxc5 (35... Rxc5 $17 36. Be4 b5) 36. Be4 {[#]} c4 $1 {[%cal Rc4d3][%mdl 512]} 37. dxc4 (37. Rb5 $17 {is a better defense.}) 37... d3 $19 {[%cal Bd4d3,Bd3d2][%mdl 32]} 38. Bd5 {[#]} Rc2 $1 39. Qa3 Bc3 40. Qc5 Re8 41. Kh1 $2 (41. Rbd1 d2 42. Qc6) 41... h6 (41... Bb4 $142 42. Qc6 Ree2) 42. Rb6 $2 (42. Rfd1 d2 43. Be6) 42... d2 43. Rd6 Rc1 44. Rxd8 Rxf1+ 45. Kg2 Rxd8 46. Qe7 Bf6 {Precision: White = 33%, Black = 64%.} 0-1

[Event "BL 2017-18"]
[Site "Germany"]
[Date "2018.04.29"]
[Round "13"]
[White "Zelbel, Patrick"]
[Black "Baldauf, Marco"]
[Result "1/2-1/2"]
[WhiteElo "2441"]
[BlackElo "2481"]
[Annotator "TA"]
[PlyCount "64"]
[EventDate "2018.05.24"]
[EventType "team-tourn"]
[EventCountry "GER"]
[SourceTitle "playchess.com"]
[Source "ChessBase"]
[SourceQuality "1"]
[WhiteTeam "Muelheim"]
[BlackTeam "SFR Berlin"]

{[%evp 17,64,25,33,0,0,-20,11,-6,-10,-10,-7,-3,25,25,25,25,37,37,35,35,33,22,24,23,27,21,20,13,19,20,13,14,14,13,37,12,43,0,0,0,0,0,13,13,17,17,112,0,72]} 1. e4 c6 2. d4 d5 3. exd5 cxd5 4. Bd3 Nc6 5. c3 Nf6 6. Bf4 Bg4 7. Qb3 Na5 8. Qa4+ Bd7 9. Qc2 Qb6 10. Qe2 {B13: Caro-Kann: Exchange Variation and Panov-Botvinnik Attack} (10. Nd2 Bb5 11. Ngf3 e6 12. Bxb5+ Qxb5 13. a4 Qc6 14. Ne5 Qc8 15. O-O Be7 16. Bg5 Nc6 17. Qd3 Nd7 18. Bxe7 Ndxe5 19. dxe5 Nxe7 {½-½ (54) Nevednichy,V (2559)-Parligras,M (2587) Calimanesti 2015}) 10... Bg4 11. f3 Bh5 $146 ({Predecessor:} 11... Bd7 12. a4 Rc8 13. b4 Nc4 14. a5 Qd8 15. Na3 Nxa3 16. Rxa3 {½-½ (34) Lanzinner,D (1715)-Wittmann,P (2022) Nuremberg 2001}) 12. Nh3 Bg6 {White must now prevent ...Bxd3.} 13. Nf2 e6 14. g4 Bd6 15. Bxd6 {[#] Bc5 is the strong threat.} Qxd6 16. h4 {[%cal Bh2h4,Bh4h5][%mdl 32]} O-O-O 17. h5 Bxd3 18. Nxd3 Nd7 19. Nd2 f6 20. f4 Rhe8 21. O-O-O e5 22. fxe5 fxe5 23. dxe5 Nxe5 24. Nxe5 Rxe5 25. Qd3 Qh6 26. Kb1 Nc6 27. Rhe1 Qf4 28. Rxe5 Nxe5 29. Qxh7 Nxg4 30. Nb3 Ne3 31. Rg1 Nf5 (31... Qe4+ $11 32. Qxe4 dxe4) 32. Qg6 ({White should try} 32. a3 $16) 32... Qe4+ {Precision: White = 55%, Black = 56%.} (32... d4 $1 $11 {keeps the balance.}) 1/2-1/2

[Event "BL 2017-18"]
[Site "Germany"]
[Date "2018.04.29"]
[Round "13"]
[White "Ginsburg, Gennadi"]
[Black "Kantans, Toms"]
[Result "0-1"]
[WhiteElo "2428"]
[BlackElo "2510"]
[Annotator "TA"]
[PlyCount "106"]
[EventDate "2018.05.24"]
[EventType "team-tourn"]
[EventCountry "GER"]
[SourceTitle "playchess.com"]
[Source "ChessBase"]
[SourceQuality "1"]
[WhiteTeam "SV Hofheim"]
[BlackTeam "Speyer"]

{[%evp 17,106,17,24,24,72,65,52,81,72,22,64,50,85,59,155,87,83,41,41,39,44,50,35,15,21,15,23,15,22,0,13,0,5,0,0,-14,-15,-27,-18,-16,4,6,0,0,0,-5,-5,-5,-5,-61,-57,-61,-61,-61,-52,-48,-61,-60,-55,-118,-110,-172,-102,-104,-105,-105,-78,-284,-300,-242,-199,-199,-199,-197,-208,-220,-212,-212,-205,-200,-191,-1028,-883,-12830,-11002,-12840,-9798,-12842,-12841,-12843,-12843]} 1. d4 Nf6 2. Nf3 g6 3. c4 Bg7 4. e3 O-O 5. Be2 d5 (5... d6 6. Nc3 Nc6 7. d5 Nb4 8. a3 Na6 9. Nd4 e5 10. dxe6 fxe6 11. O-O e5 12. Nb3 c6 13. e4 Nc7 14. f4 Ne6 {½-½ (59) Caruana,F (2784)-Carlsen,M (2843) Karlsruhe/Baden-Baden 2018}) 6. cxd5 {E60: King's Indian: Unusual lines and Fianchetto Variation without Nc3} Nxd5 7. O-O c5 8. e4 Nb6 9. d5 e6 {[%cal Re6d5] LiveBook: 5 Games} 10. Bg5 Qd6 $146 ({Predecessor:} 10... Bf6 11. Bxf6 Qxf6 12. Nc3 Rd8 13. Qb3 exd5 14. exd5 {½-½ (57) Vakhidov,J (2472)-Gopal,G (2553) Sharjah 2014}) 11. a4 exd5 12. a5 N6d7 13. Na3 Ne5 14. exd5 Na6 15. Qd2 Bg4 ({Black should play} 15... Nb4 $14) 16. Nxe5 (16. Nb5 $142 Qb8 17. Rfe1) 16... Bxe2 $16 17. Nec4 Bxc4 $1 18. Nxc4 Qd7 19. d6 Rfe8 20. Rfe1 Nb4 21. h3 Bd4 22. Rad1 Nc6 23. Qd3 Re6 24. Rxe6 Qxe6 25. Be3 (25. Bf4 {is more complex.} Re8 26. Qb3 Bf6 27. Qe3 Bd4 28. Qd3) 25... Rd8 26. Bxd4 cxd4 27. b3 Qd5 28. Re1 Qb5 29. Qf3 Qb4 30. Kf1 Kg7 31. a6 b5 32. Qxc6 {[#] Hoping for Qc7.} bxc4 33. bxc4 (33. Re7 $11 Qxb3 34. Qc5) 33... Rxd6 $11 {[%mdl 4096] Endgame KQR-KQR} (33... Qxd6 $6 34. Qxd6 Rxd6 35. Ke2 $11) 34. Qb5 Qc3 35. Qe5+ $1 Rf6 36. c5 {White wants to play Kg1.} Qc4+ $40 {[%mdl 128] Black has some attack.} 37. Kg1 d3 $1 38. g4 ({Better is} 38. Rd1 $15) 38... h6 $17 39. Kg2 {[#]} (39. Rf1 $17 {was called for.}) 39... Qxa6 (39... Qc2 $1 $19 {[%cal Rc2f2]} 40. Qd4 d2) 40. Qd4 Qc6+ 41. Kg1 Qf3 42. Ra1 $2 (42. Re8 $17) 42... Kh7 $19 {And now ...Re6 would win.} ({Stronger than} 42... Qxh3 43. c6 $11) 43. Re1 a5 {[%cal Ba7a5,Ba5a4][%mdl 32] ...a4 is the strong threat.} 44. Re8 a4 $1 {[%cal Ra4a3] White must now prevent ...a3.} 45. c6 {Threatens to win with c7.} d2 ({Not} 45... Qxc6 46. Qd8 $11) 46. Qxd2 Rxc6 {aiming for ...Rc3.} ({Worse is} 46... Qxc6 47. Qd8 $11) 47. Re3 Qf6 48. Qd5 Rd6 49. Qe4 $2 (49. Qa2) 49... Qa1+ {Black is clearly winning.} 50. Kg2 Re6 51. Qd5 Rxe3 52. fxe3 Kg7 53. e4 a3 {Precision: White = 47%, Black = 72%.} 0-1

[Event "BL 2017-18"]
[Site "Germany"]
[Date "2018.04.29"]
[Round "13"]
[White "Lobzhanidze, Davit"]
[Black "Horvath, Adam"]
[Result "1-0"]
[WhiteElo "2424"]
[BlackElo "2486"]
[Annotator "TA"]
[PlyCount "89"]
[EventDate "2018.05.24"]
[EventType "team-tourn"]
[EventCountry "GER"]
[SourceTitle "playchess.com"]
[Source "ChessBase"]
[SourceQuality "1"]
[WhiteTeam "SV Hofheim"]
[BlackTeam "Speyer"]

{[%evp 14,89,4,5,20,20,35,25,22,0,32,29,45,14,13,6,30,31,18,0,27,-20,0,0,0,-9,0,0,0,-39,-39,-39,-35,-43,-25,-33,-22,-26,-18,-10,0,-11,0,0,0,0,59,0,0,-91,0,0,6,8,11,8,23,-19,-19,-28,1115,1114,1108,990,937,931,920,868,29986,29987,29985,29986,29990,29988,29988,29989,29993,29994]} 1. e4 c5 2. Nf3 Nc6 3. d4 cxd4 4. Nxd4 g6 5. Nc3 Bg7 6. Be3 Nf6 7. Bc4 O-O 8. Bb3 Re8 {B35: Sicilian: Accelerated Dragon with 5 Nc3: main line} 9. O-O (9. f3 d5 10. Bxd5 Nxd5 11. Nxd5 Be6 12. c4 Rc8 13. O-O Nxd4 14. Bxd4 Rxc4 15. Bxg7 Kxg7 16. b3 {½-½ (26) Navara,D (2737)-Dubov,D (2701) Batumi 2018}) 9... d6 10. h3 Na5 {White has an edge.} 11. Qd3 Nxb3 12. axb3 b6 13. b4 Bb7 14. Rfd1 a5 $146 ({Predecessor:} 14... a6 15. Nf3 Qc7 16. b5 axb5 17. Qxb5 {1-0 (46) Suarez Gomez,J (2429)-Marek,M (2389) Prague 2016}) 15. bxa5 bxa5 16. Ra2 Nd7 17. Nb3 Ne5 18. Qb5 Bc6 19. Qe2 a4 20. Nd4 {Strongly threatening f4.} Bd7 21. f4 Nc6 22. Nxc6 Bxc6 23. Bd4 Bxd4+ 24. Rxd4 Qb6 25. Qf2 Qb7 26. Rc4 Rab8 27. Qd4 f5 28. exf5 Bxg2 29. fxg6 e5 ({Better is} 29... hxg6 $11 30. Qd3 Kg7) 30. Qf2 (30. Qxd6 $14 Bxh3 31. Ne4) 30... Bxh3 $11 {...Be6 is the strong threat.} 31. Ne4 {[#]} (31. Raxa4 $11 exf4 32. gxh7+ Kh8 33. Kh2) 31... exf4 (31... Re6 $1 $17 {[%cal Re6g6]} 32. gxh7+ Kh8) 32. Nf6+ Kh8 33. Nxe8 Rxe8 34. Ra1 $36 {[%mdl 2048] Black is under pressure.} ({But not} 34. Rxf4 $2 {[#]} Re1+ $3 {[%mdl 512]} 35. Kh2 Qh1+ 36. Kg3 Rg1+ 37. Qxg1 Qxg1+ $19) 34... Re5 $1 {[%cal Re5g5] ( -> ...Rg5+)} 35. Rcxa4 Rg5+ 36. Kh2 Rh5 $2 {[%mdl 8192]} (36... Rg2+ $11 37. Kxh3 Rxf2 38. Ra8+ Kg7) 37. Rxf4 $18 {White wants to mate with Rf8+.} Bf1+ 38. Kg3 Rh3+ 39. Kg4 {White threatens Rf8+ and mate.} Qc8+ 40. Rf5 {Intending Ra8! and mate.} Qc4+ 41. Kg5 {White mates.} h6+ 42. Kf6 Bg2 43. Qxg2 Qh4+ 44. Ke6 Qc4+ 45. Kd7 {Precision: White = 46%, Black = 39%.} 1-0

[Event "BL 2017-18"]
[Site "Germany"]
[Date "2018.04.29"]
[Round "13"]
[White "Yankelevich, Lev"]
[Black "Gurevich, Vladimir"]
[Result "1/2-1/2"]
[WhiteElo "2411"]
[BlackElo "2468"]
[Annotator "TA"]
[PlyCount "41"]
[EventDate "2018.05.24"]
[EventType "team-tourn"]
[EventCountry "GER"]
[SourceTitle "playchess.com"]
[Source "ChessBase"]
[SourceQuality "1"]
[WhiteTeam "Speyer"]
[BlackTeam "SV Hofheim"]

{[%evp 22,41,5,2,6,4,15,0,0,0,24,15,34,14,10,22,8,16,15,0,0,0]} 1. d4 Nf6 2. c4 e6 3. Nf3 b6 4. g3 Ba6 5. b3 Bb4+ 6. Bd2 Be7 7. Bg2 O-O 8. O-O c6 9. Qc2 d5 10. Rd1 Nbd7 11. Bc1 {E15: Queen's Indian: 4 g3 sidelines, 4 g3 Ba6 and 4 g3 Bb7 early deviations} (11. a4 c5 12. Na3 Bb7 13. cxd5 Bxd5 14. Qb2 cxd4 15. Nxd4 Bxg2 16. Kxg2 Qc8 17. b4 Qb7+ 18. Kg1 Ne4 19. Be3 {½-½ (62) Papaioannou,I (2652)-Adams,M (2727) Heraklio 2017}) 11... Rc8 12. Bb2 {LiveBook: 4 Games} Qc7 13. Nbd2 c5 14. Rac1 Rfd8 15. Qb1 Qb8 16. cxd5 $146 ({Predecessor:} 16. e3 cxd4 17. Nxd4 Bb7 18. cxd5 Nxd5 19. Nc4 {½-½ (48) Bramme,E (2061)-Muller,A (2117) France 1999}) 16... exd5 17. e4 dxe4 {The position is equal.} 18. Nxe4 Bb7 19. Nxf6+ Bxf6 20. dxc5 {aiming for Bxf6.} Bxb2 21. Qxb2 1/2-1/2

[Event "BL 2017-18"]
[Site "Germany"]
[Date "2018.04.29"]
[Round "13"]
[White "Raykhman, Alexander"]
[Black "Bok, Benjamin"]
[Result "0-1"]
[WhiteElo "2400"]
[BlackElo "2613"]
[Annotator "TA"]
[PlyCount "94"]
[EventDate "2018.05.24"]
[EventType "team-tourn"]
[EventCountry "GER"]
[SourceTitle "playchess.com"]
[Source "ChessBase"]
[SourceQuality "1"]
[WhiteTeam "Schwaebisch Hall"]
[BlackTeam "Solingen"]

{[%evp 23,94,0,0,-13,0,1,1,-7,0,2,2,2,9,0,0,0,2,0,7,-37,0,-12,0,-8,-7,-6,0,-8,-8,-8,-8,-12,-16,-46,-56,-62,-62,-62,-62,-68,-68,-70,-16,-147,-139,-141,-121,-220,-64,-413,-413,-413,-413,-413,-413,-492,-479,-438,-413,-641,-591,-575,-555,-443,-504,-1302,-610,-2594,-2512,-29987,-29987,-29988,-29962]} 1. d4 Nf6 2. c4 e6 3. Nf3 d5 4. Nc3 c6 5. Bg5 h6 6. Bxf6 Qxf6 7. g3 Nd7 8. Bg2 dxc4 9. O-O Be7 10. Ne4 {D43: Semi-Slav: 5 Bg5 h6} (10. e3 O-O 11. Nd2 Nb6 12. a4 a5 13. f4 Bb4 14. Qe2 c5 15. dxc5 Bxc5 16. Nce4 Qe7 17. Nxc5 Qxc5 {½-½ (31) Van Wely,L (2695)-Giri,A (2773) Wijk aan Zee 2017}) 10... Qf5 11. Ned2 e5 12. Nxc4 exd4 $1 {LiveBook: 9 Games} 13. Qxd4 Qf6 {[#]} 14. Rfd1 $146 ({Predecessor:} 14. e4 Qxd4 15. Nxd4 Nb6 16. Ne3 O-O 17. Rad1 Bc5 18. Rd2 Rd8 19. Rfd1 Bxd4 20. Rxd4 Rxd4 21. Rxd4 Be6 22. a3 f6 23. Bf3 Kf7 24. Kf1 Ke7 {½-½ (24) Mescheder,W (2505)-Schloesser,F (2475) ICCF corr 1997}) 14... O-O 15. Nd6 Bxd6 16. Qxf6 Nxf6 17. Rxd6 Be6 18. a3 Rfd8 19. Rad1 Rxd6 20. Rxd6 Kf8 21. Nd2 Ke7 22. Rd3 g5 23. Kf1 Rc8 24. Ke1 b5 25. Ne4 Nxe4 26. Bxe4 $11 {[%mdl 4096] Endgame KRB-KRB} c5 27. f4 c4 28. Re3 {[#] f5 is the strong threat.} Kd6 29. h4 gxf4 30. gxf4 Rc5 31. Kf2 a5 {[%cal Ba7a5,Ba5b4,Bb4c3,Bc3c2][%mdl 32]} 32. Rc3 f5 (32... Rh5 $15 33. Bf3 Rf5) 33. Bf3 (33. Bc2 $11) 33... b4 $17 34. axb4 axb4 35. Rc2 {[#]} (35. Rc1 $17 {was forced.}) 35... Ra5 $2 (35... b3 $1 $19 {[%cal Rb3c2]} 36. Rd2+ Ke7) 36. Rd2+ $2 {[%mdl 8192]} (36. e4 $1 $15) 36... Kc5 $19 37. e4 c3 38. bxc3 bxc3 39. Rd1 Ra2+ 40. Ke3 c2 41. Rc1 (41. Rf1 $142 Ra3+ 42. Kd2) 41... Ra3+ 42. Ke2 Rc3 43. Bh5 fxe4 {[%cal Bf5e4,Be4e3][%mdl 32]} 44. Bg6 (44. Kd2 $142 Kd4 45. Rxc2) 44... Kd4 (44... Bd5 $142 45. Kd2 Kd4 46. Rxc2 Rg3 47. Bxe4 Bxe4) 45. f5 Bc4+ 46. Kd2 e3+ 47. Ke1 Bd3 {Precision: White = 29%, Black = 57%.} 0-1

[Event "BL 2017-18"]
[Site "Germany"]
[Date "2018.04.29"]
[Round "13"]
[White "Hoolt, Sarah"]
[Black "Zude, Arno"]
[Result "0-1"]
[WhiteElo "2393"]
[BlackElo "2372"]
[Annotator "TA"]
[PlyCount "82"]
[EventDate "2018.05.24"]
[EventType "team-tourn"]
[EventCountry "GER"]
[SourceTitle "playchess.com"]
[Source "ChessBase"]
[SourceQuality "1"]
[WhiteTeam "Speyer"]
[BlackTeam "SV Hofheim"]

{[%evp 19,82,-65,-66,-291,-277,-363,-360,-525,-282,-287,-275,-271,-207,-518,-127,-136,-134,-146,-123,-1610,-1597,-1612,-1592,-1596,-1597,-1553,-1544,-1377,-400,-1324,-400,-397,-385,-554,-554,-554,-540,-551,-548,-548,-545,-534,-540,-536,-528,-519,-505,-512,-466,-488,-485,-502,-441,-479,-481,-510,-505,-501,-499,-488,-485,-527,-512,-707,-695]} 1. e4 e5 2. Nf3 Nc6 3. Bc4 Nf6 4. d4 exd4 5. e5 d5 6. Bb5 Ne4 7. Nxd4 Bc5 8. O-O O-O 9. Bxc6 bxc6 10. f3 {C56: Two Knights: 4 d4 exd4 5 0-0 Nxe4} (10. Be3 Bxd4 11. Qxd4 c5 12. Qd3 Bf5 13. Bxc5 Re8 14. Nc3 Qg5 15. Nxe4 Bxe4 16. Qg3 Qxe5 17. c3 a6 18. f3 Qxg3 19. hxg3 {½-½ (89) Sengupta,D (2572)-Gupta,A (2625) Aurangabad 2011}) 10... f6 {LiveBook: 6 Games} 11. exf6 $2 ({White should play} 11. fxe4 $15 fxe5 12. Rxf8+ Qxf8 13. c3) 11... Qxf6 $19 12. c3 {Black has a decisive advantage.} Ba6 13. Re1 (13. Be3 $142 Bd6 14. Ne2) 13... Rae8 14. Be3 Bd6 15. Nd2 $146 ({Predecessor:} 15. fxe4 Qh4 16. g3 Bxg3 17. Re2 Bxe2 18. Qxe2 Rxe4 19. Nf3 Qg4 20. Nbd2 Bf4+ {0-1 (20) Kolbert,E (2242)-Vujic,M (2310) Novi Sad 2008}) 15... Qh4 {[%csl Gd6][%cal Rh4h2]} 16. h3 $2 (16. f4 {was the crucial defense.} Bxf4 17. Bxf4 Qf2+ 18. Kh1 Rxf4 19. Nxe4 Rfxe4 20. Rxe4 dxe4 21. Nxc6) 16... Nxc3 $2 (16... Qg3 $19 {[%csl Gd6][%cal Rg3h2]} 17. Nf1 Bxf1 18. Kxf1 Qh2) 17. bxc3 $17 {[#] Strongly threatening Bf2.} Rxe3 $1 $40 {[%mdl 128] White is in trouble.} 18. Rxe3 {Hoping for Nf1.} Qf4 19. Re6 $2 {[%mdl 8192]} (19. Nf1 $17 Bxf1 20. Kxf1 Qxe3 21. Qe1) 19... Qh2+ $19 20. Kf2 Bg3+ 21. Ke3 Qxg2 {[%csl Gf8][%cal Rg3f4] [#]} 22. c4 dxc4 {( -> ...Qf2+)} ({Inferior is} 22... Bf4+ 23. Kd3 $16) 23. Qe2 Bf4+ 24. Ke4 Qxe2+ $2 (24... Qg5 {[%csl Gc6][%cal Rg5d5]} 25. Qxc4 Bxc4 26. Nxc4 c5) 25. Nxe2 Bxd2 26. Rb1 (26. Nd4 $142 c3 27. Rh1) 26... c3 {Black is clearly winning.} 27. Nxc3 Bxc3 28. Rxc6 Re8+ 29. Kf4 Be5+ 30. Ke3 Bg3+ 31. Kd4 Be2 32. Rb3 Bf2+ 33. Kd5 Be3 34. Rxc7 Bxf3+ 35. Kc4 Be2+ 36. Kd5 Bb6 37. Rd7 Bh5 38. Rg3 Bf7+ 39. Kc6 g6 40. a4 Re6+ 41. Kb7 Be8 {Precision: White = 47%, Black = 64%.} 0-1